Normal view MARC view

Entry Topical Term

Number of records used in: 1

001 - CONTROL NUMBER

  • control field: 45995

003 - CONTROL NUMBER IDENTIFIER

  • control field: OSt

005 - DATE AND TIME OF LATEST TRANSACTION

  • control field: 20240702205245.0

008 - FIXED-LENGTH DATA ELEMENTS

  • fixed length control field: 240702|| aca||aabn | a|a d

040 ## - CATALOGING SOURCE

  • Original cataloging agency: OSt
  • Transcribing agency: OSt

150 ## - HEADING--TOPICAL TERM

  • Topical term or geographic name entry element: စလင်းကန်လယ်ဆရာတော်
  • Form subdivision: ထေရုပ္ပတ္တိ။

670 ## - SOURCE DATA FOUND

  • Source citation: Work cat.: (OSt): အညတရဘိက္ခု 16494, စက္ခုအလင်းသံခိပ်ကျဉ်းနှင့် စလင်းကန်လယ်ဆရာတော်ဘုရားကြီး ထေရုပ္ပတ္တိ /, ၁၉၈၈။

Library - 09407999929
Admin Office - 09407999979
Dean Office - 09250910768
Registrar Office - 09892297154
Email - [email protected]
Shan State Buddhist University, Phaya Phyu Taunggyi, Shan State, Myanmar.